Missing Word: Colors in Marvel Names Quiz Stats

 Plays Quiz Updated Nov 6, 2018

Support Sporcle.
Go Orange.
Score 0/14 Timer 03:00
1 Play Today
Name Color % Correct
_____ WidowBlack
95.1%
_____ PantherBlack
94.9%
_____ GoblinGreen
93.4%
_____ SurferSilver
86.8%
_____ SkullRed
80.3%
Jean _____Grey
73.3%
_____ WitchScarlet
67.4%
Name Color % Correct
_____ TigerWhite
48.4%
_____ GargoyleGrey
43.6%
Omega _____Red
43.4%
_____ ShieldBlue
38.5%
_____ GuardianRed
36.7%
_____ ManPurple
23.4%
_____ CrusaderCrimson
15.2%

Today's Daily Dose

You're not logged in!

Compare scores with friends on all Sporcle quizzes.
OR
Log In

From the Vault

Entrepreneurs by First Names

by Noldeh

We're probably not on a first name basis with any of them, but we'd like to pretend.
Remove Ads.
Support Sporcle.
Get the best of Sporcle when you Go Orange. This ad-free experience offers more features, more stats, and more fun while also helping to support Sporcle. Thank you for becoming a member.

Show Comments

Extras

Top Quizzes Today


Score Distribution

Your Account Isn't Verified!

In order to create a playlist on Sporcle, you need to verify the email address you used during registration. Go to your Sporcle Settings to finish the process.

Report this User

Report this user for behavior that violates our Community Guidelines.

Details: